000 00334nam a22001457a 4500
008 210512b ||||| |||| 00| 0 eng d
020 _a9780534596972
041 _aeng
080 _26th
_a159.9
082 _2159.9
100 _a48
101 _aPSI
245 _aTheory & Practice of Group Counseling
_cCorey,G
942 _2udc
_cBK
999 _c57275
_d57275